000 00802nam a22001577a 4500
999 _c524001
_d524001
008 231020b ||||| |||| 00| 0 eng d
100 _aNagesulhasini, R. and Imajyothi, V.
_944579
245 _aUnleashing entrepreneurial capabilities of urban poor
260 _aNagarlok
300 _a55(1), Mar, 2023: p.59-76
520 _aUrban poverty is one the worst maladies. This study suggests the need to think beyond the traditional way of approaching poverty such as providing monetary assistance or in-kind transfers. Though employment opportunities have been included in the right point of entry is indeed a huge mistake. – Reproduced
650 _aUrban poverty, Sustainable livelihoods, National urban livelihood mission.
_941130
773 _aNagarlok
906 _aPOVERTY
942 _cAR